Statistics for Countries by their Official name Quiz

Click here to take the quiz!

General Stats

  • This quiz has been taken 14 times
    (5 since last reset)
  • The average score is 70 of 196

Answers on the Map

Answers color-coded by a green-red scale on the quiz's map according to % correct below.
 

Answer Stats

Country% Correct
United States of America
100%
Canada
75%
Dominican Republic
75%
Federated States of Micronesia
75%
Iceland
75%
Japan
75%
Kingdom of Denmark
75%
Kingdom of Norway
75%
Kingdom of Sweden
75%
People's Republic of China
75%
Republic of China
75%
Russian Federation
75%
Arab Republic of Egypt
50%
Bolivarian Republic of Venezuela
50%
Bosnia and Herzegovina
50%
Czech Republic
50%
Democratic Republic of the Congo
50%
French Republic
50%
Grand Duchy of Luxembourg
50%
Hellenic Republic
50%
Islamic Republic of Pakistan
50%
Italian Republic
50%
Jamaica
50%
Kingdom of Belgium
50%
Kingdom of Bhutan
50%
Kingdom of eSwatini
50%
Kingdom of Lesotho
50%
Kingdom of Morocco
50%
Kingdom of Spain
50%
Kingdom of Thailand
50%
Kingdom of the Netherlands
50%
Oriental Republic of Uruguay
50%
Principality of Andorra
50%
Principality of Liechtenstein
50%
Principality of Monaco
50%
Republic of Albania
50%
Republic of Angola
50%
Republic of Armenia
50%
Republic of Austria
50%
Republic of Azerbaijan
50%
Republic of Belarus
50%
Republic of Benin
50%
Republic of Bulgaria
50%
Republic of Chad
50%
Republic of Chile
50%
Republic of Colombia
50%
Republic of Costa Rica
50%
Republic of Croatia
50%
Republic of Cuba
50%
Republic of Cyprus
50%
Republic of Djibouti
50%
Republic of Ecuador
50%
Republic of El Salvador
50%
Republic of Estonia
50%
Republic of Fiji
50%
Republic of Finland
50%
Republic of Ghana
50%
Republic of Guatemala
50%
Republic of Haiti
50%
Republic of Honduras
50%
Republic of India
50%
Republic of Indonesia
50%
Republic of Ireland
50%
Republic of Kenya
50%
Republic of Kiribati
50%
Republic of Korea
50%
Republic of Kosovo
50%
Republic of Latvia
50%
Republic of Lithuania
50%
Republic of Malta
50%
Republic of Moldova
50%
Republic of Nauru
50%
Republic of Nicaragua
50%
Republic of North Macedonia
50%
Republic of Palau
50%
Republic of Panama
50%
Republic of Paraguay
50%
Republic of Peru
50%
Republic of Poland
50%
Republic of Romania
50%
Republic of Senegal
50%
Republic of Serbia
50%
Republic of Singapore
50%
Republic of Slovenia
50%
Republic of South Africa
50%
Republic of the Congo
50%
Republic of the Gambia
50%
Republic of the Marshall Islands
50%
Republic of Türkiye
50%
Republic of Vanuatu
50%
Slovak Republic
50%
Solomon Islands
50%
Sultanate of Oman
50%
Swiss Confederation
50%
Togolese Republic
50%
United Kingdom of Great Britain and Northern Ireland
50%
Antigua and Barbuda
25%
Argentine Republic
25%
Barbados
25%
Belize
25%
Commonwealth of Australia
25%
Commonwealth of The Bahamas
25%
Co-operative Republic of Guyana
25%
Federal Republic of Germany
25%
Federative Republic of Brazil
25%
Gabonese Republic
25%
Georgia
25%
Grenada
25%
Hashemite Kingdom of Jordan
25%
Hungary
25%
Independent State of Papua New Guinea
25%
Independent State of Samoa
25%
Islamic republic of Iran
25%
Islamic Republic of Mauritania
25%
Kingdom of Cambodia
25%
Kingdom of Saudi Arabia
25%
Kingdom of Tonga
25%
Kyrgyz Republic
25%
Lao People's Democratic Republic
25%
Montenegro
25%
New Zealand
25%
People's Democratic Republic of Algeria
25%
Plurinational State of Bolivia
25%
Portuguese Republic
25%
Republic of Botswana
25%
Republic of Burundi
25%
Republic of Cabo Verde
25%
Republic of Cameroon
25%
Republic of Côte d'Ivoire
25%
Republic of Equatorial Guinea
25%
Republic of Guinea
25%
Republic of Guinea-Bissau
25%
Republic of Iraq
25%
Republic of Kazakhstan
25%
Republic of Lebanon
25%
Republic of Liberia
25%
Republic of Madagascar
25%
Republic of Malawi
25%
Republic of Maldives
25%
Republic of Mali
25%
Republic of Mauritius
25%
Republic of Mozambique
25%
Republic of Namibia
25%
Republic of Rwanda
25%
Republic of San Marino
25%
Republic of Seychelles
25%
Republic of Sierra Leone
25%
Republic of South Sudan
25%
Republic of Suriname
25%
Republic of Tajikistan
25%
Republic of the Philippines
25%
Republic of the Sudan
25%
Republic of Tunisia
25%
Republic of Uganda
25%
Republic of Uzbekistan
25%
Republic of Yemen
25%
Republic of Zambia
25%
Republic of Zimbabwe
25%
Saint Lucia
25%
Saint Vincent and the Grenadines
25%
State of Israel
25%
State of Kuwait
25%
State of Qatar
25%
Syrian Arab Republic
25%
Turkmenistan
25%
Tuvalu
25%
Ukraine
25%
United Arab Emirates
25%
United Mexican States
25%
United Republic of Tanzania
25%
Brunei
0%
Central African Republic
0%
Commonwealth of Dominica
0%
Democratic People's Republic of Korea
0%
Democratic Republic of São Tomé and Príncipe
0%
Democratic Republic of Timor-Leste
0%
Democratic Socialist Republic of Sri Lanka
0%
Federal Democratic Republic of Ethiopia
0%
Federal Democratic Republic of Nepal
0%
Federal republic of Nigeria
0%
Federal Republic of Somalia
0%
Federation of Saint Christopher and Nevis
0%
Islamic Emirate of Afghanistan
0%
Kingdom of Bahrain
0%
Malaysia
0%
Mongolian People's Republic
0%
People's Republic of Bangladesh
0%
People's Republic of Burkina Faso
0%
Republic of the Niger
0%
Republic of the Union of Myanmar
0%
Republic of Trinidad and Tobago
0%
Socialist Republic of Vietnam
0%
State of Eritrea
0%
State of Libya
0%
Union of the Comoros
0%
Vatican City State
0%

Score Distribution

Percentile by Number Answered

Percent of People with Each Score

Your Score History

You have not taken this quiz since the last reset